Biggest Cities in Countries by First Letter-F - Statistics

General Stats
  • This quiz has been taken 36 times
  • The average score is 12 of 20
Answer Stats
Population Answer % Correct
11,346,000 Paris
100%
1,788,000 Lyon
97%
1,644,000 Marseille
97%
956,000 Nice
91%
1,355,000 Helsinki
88%
1,091,000 Lille
85%
1,018,000 Bordeaux
79%
1,080,000 Toulouse
79%
712,000 Nantes
65%
372,000 Rennes
59%
490,000 Strasbourg
56%
486,000 Montpellier
53%
361,000 Tampere
50%
544,000 Grenoble
44%
478,000 Rouen
41%
369,000 Tours
38%
592,000 Toulon
35%
381,000 Saint-Etienne
32%
483,000 Avignon
29%
506,000 Douai-Lens
12%
No matching quizzes found
Score Distribution
Percent of People with Each Score
Percentile by Number Answered
Your Score History
You have not taken this quiz